[Event "Marseille (Women)"]
[Site "Marseille"]
[Date "2005.06.??"]
[Round "1"]
[White "Cochet, Caroline"]
[Black "Zickelbein, Eva Maria"]
[Result "0-1"]
[WhiteElo "2086"]
[BlackElo "2124"]
[PlyCount "30"]
[EventDate "2005.06.??"]
[EventType "tourn"]
[EventRounds "9"]
[EventCountry "FRA"]
[SourceTitle "EXT 2006"]
[Source "ChessBase"]
[SourceDate "2005.11.24"]
[SourceVersion "1"]
[SourceVersionDate "2005.11.24"]
[SourceQuality "1"]

1. e4 c5 2. Nf3 Nc6 3. Bb5 g6 4. Bxc6 dxc6 5. h3 Bg7 6. d3 e5 7. Nc3 Qe7 8. Be3 Be6 9. Qd2 h6 10. a3 f5 11. b4 f4 12. Bxc5 Qc7 13. d4 b6 14. d5 Rd8 15. Qe2 Bf7 0-1

[Event "Marseille (Women)"]
[Site "Marseille"]
[Date "2005.06.??"]
[Round "2"]
[White "Fernandez, Laura"]
[Black "Cochet, Caroline"]
[Result "1-0"]
[WhiteElo "1990"]
[BlackElo "2086"]
[PlyCount "61"]
[EventDate "2005.06.??"]
[EventType "tourn"]
[EventRounds "9"]
[EventCountry "FRA"]
[SourceTitle "EXT 2006"]
[Source "ChessBase"]
[SourceDate "2005.11.24"]
[SourceVersion "1"]
[SourceVersionDate "2005.11.24"]
[SourceQuality "1"]

1. e4 c5 2. b3 e6 3. e5 d5 4. exd6 Nf6 5. Bb2 Bxd6 6. Nf3 Nc6 7. a4 0-0 8. Na3 e5 9. Bb5 Nd4 10. Be2 Nxe2 11. Qxe2 Re8 12. Nc4 e4 13. Nfe5 Bc7 14. h3 Nd5 15. g3 b6 16. 0-0-0 a6 17. f4 b5 18. axb5 axb5 19. Nc6 Qd7 20. N4e5 Qd6 21. d4 Bb7 22. Qxb5 Ba6 23. Qxc5 Qe6 24. f5 Qh6+ 25. Kb1 Bxe5 26. dxe5 Ne3 27. Bc1 Bb7 28. Rd6 Qg5 29. Qxe3 Qxf5 30. Bb2 Rec8 31. Ne7+ 1-0

[Event "Marseille (Women)"]
[Site "Marseille"]
[Date "2005.06.??"]
[Round "7"]
[White "Gadarinian, Caroline"]
[Black "Cochet, Caroline"]
[Result "1/2-1/2"]
[WhiteElo "1927"]
[BlackElo "2086"]
[PlyCount "53"]
[EventDate "2005.06.??"]
[EventType "tourn"]
[EventRounds "9"]
[EventCountry "FRA"]
[SourceTitle "EXT 2006"]
[Source "ChessBase"]
[SourceDate "2005.11.24"]
[SourceVersion "1"]
[SourceVersionDate "2005.11.24"]
[SourceQuality "1"]

1. Nf3 d5 2. d4 Nf6 3. Bg5 e6 4. e3 Nbd7 5. c3 c5 6. Nbd2 Be7 7. Bd3 0-0 8. Qc2 cxd4 9. exd4 Rb8 10. 0-0 h6 11. Bf4 Ra8 12. h3 b6 13. Ne5 Nxe5 14. Bxe5 Bd6 15. Nf3 Bxe5 16. Nxe5 Nd7 17. Qe2 Qc7 18. f4 a6 19. Rae1 b5 20. f5 Nxe5 21. Qxe5 Qxe5 22. Rxe5 Bd7 23. h4 Rab8 24. h5 f6 25. Re2 Rfe8 26. fxe6 Bxe6 27. Bg6 1/2-1/2

[Event "Mitropa Cup (Women)"]
[Site "Steinbrunn"]
[Date "2005.05.27"]
[Round "7"]
[White "Cochet, Caroline"]
[Black "Franciskovic, Borka"]
[Result "1/2-1/2"]
[WhiteElo "2086"]
[BlackElo "2193"]
[PlyCount "65"]
[EventDate "2005.05.21"]
[EventType "team-tourn"]
[EventRounds "9"]
[EventCountry "AUT"]
[SourceTitle "CBM 106 Extra"]
[Source "ChessBase"]
[SourceDate "2005.07.01"]
[SourceVersion "1"]
[SourceVersionDate "2005.07.01"]
[SourceQuality "1"]
[WhiteTeam "France (W)"]
[BlackTeam "Croatia (W)"]
[WhiteTeamCountry "FRA"]
[BlackTeamCountry "CRO"]

1. e4 c6 2. d4 d5 3. e5 Bf5 4. h4 h5 5. c4 e6 6. Nc3 Nd7 7. cxd5 cxd5 8. Bg5 Qb6 9. Qd2 a6 10. Nge2 Be7 11. Ng3 Bg6 12. Be2 Bxg5 13. hxg5 h4 14. 0-0-0 Rh7 15. Nf1 Ne7 16. g4 hxg3 17. Nxg3 Rxh1 18. Rxh1 0-0-0 19. Bh5 Rh8 20. Bxg6 Rxh1+ 21. Nxh1 Nxg6 22. Ng3 Nb8 23. Nce2 Nc6 24. f4 Nh4 25. Qc3 g6 26. a3 Kb8 27. Kb1 Qb5 28. Nc1 Ng2 29. Qf3 Nh4 30. Qc3 Ng2 31. Qf3 Nh4 32. Qc3 Qc4 33. Nd3 1/2-1/2

[Event "FRA-chT Top 16 GP Haute"]
[Site "Port Barcares"]
[Date "2005.05.07"]
[Round "11"]
[White "Leconte, Maria"]
[Black "Cochet, Caroline"]
[Result "0-1"]
[WhiteElo "2287"]
[BlackElo "2086"]
[PlyCount "150"]
[EventDate "2005.05.04"]
[EventType "team-tourn"]
[EventRounds "4"]
[EventCountry "FRA"]
[SourceTitle "CBM 107"]
[Source "ChessBase"]
[SourceDate "2005.08.01"]
[SourceVersion "1"]
[SourceVersionDate "2005.08.01"]
[SourceQuality "1"]
[WhiteTeam "Cannes"]
[BlackTeam "Paris NAO"]
[WhiteTeamCountry "FRA"]
[BlackTeamCountry "FRA"]

1. e4 c5 2. Nf3 Nc6 3. Bb5 g6 4. 0-0 Bg7 5. c3 e5 6. d4 cxd4 7. cxd4 exd4 8. Bf4 Nge7 9. Bd6 0-0 10. Na3 a6 11. Bc4 b5 12. Bd5 Bb7 13. Re1 Na5 14. Rc1 Bc6 15. Nxd4 Re8 16. b4 Nxd5 17. exd5 Rxe1+ 18. Qxe1 Bxd4 19. bxa5 Bxd5 20. Rd1 Qg5 21. Bg3 Bg7 22. Nc2 Rc8 23. h4 Qh5 24. Ne3 Be6 25. Rc1 Rc5 26. Bd6 Rc6 27. Bg3 Bd4 28. Qd2 Rxc1+ 29. Qxc1 Qc5 30. Qd2 Qc3 31. Qd1 Bxa2 32. Kh2 Bb3 33. Qf3 Kg7 34. Qe4 Be6 35. h5 Bf6 36. Bd6 h6 37. f4 Qd4 38. Qxd4 Bxd4 39. Nc2 Bc3 40. Bb4 Bb2 41. Bd6 Bd5 42. Nb4 Bb7 43. hxg6 fxg6 44. g4 Kf6 45. Nd3 Bd4 46. Kg3 Be4 47. Nb4 Bc3 48. Nxa6 Bxa5 49. Nc5 Bc6 50. Kf2 Bb6 51. Kg3 Bxc5 52. Bxc5 Ke6 53. Bf8 h5 54. f5+ gxf5 55. gxh5 Kf6 56. Kf4 Bd5 57. Bb4 Bf7 58. h6 Bg8 59. Bc3+ Ke6 60. Kg5 Bh7 61. Bd2 Ke5 62. Bf4+ Ke4 63. Kf6 Kxf4 64. Kg7 b4 65. Kxh7 b3 66. Kg6 b2 67. h7 b1Q 68. h8Q Qb6+ 69. Kh5 d5 70. Qf6 Qe3 71. Qh4+ Kf3 72. Qh1+ Kg3 73. Qb1 f4 74. Qg6+ Kf2 75. Qf5 d4 0-1

[Event "FRA-ch U18 Girls"]
[Site "Calvi"]
[Date "2005.04.23"]
[Round "8"]
[White "Bermond, Stephanie"]
[Black "Cochet, Caroline"]
[Result "0-1"]
[WhiteElo "2006"]
[BlackElo "2086"]
[PlyCount "62"]
[EventDate "2005.04.??"]
[EventType "swiss"]
[EventRounds "9"]
[EventCountry "FRA"]
[SourceTitle "EXT 2006"]
[Source "ChessBase"]
[SourceDate "2005.11.24"]
[SourceVersion "1"]
[SourceVersionDate "2005.11.24"]
[SourceQuality "1"]

1. Nf3 Nf6 2. g3 d5 3. Bg2 e6 4. d3 Be7 5. 0-0 0-0 6. a4 c5 7. Qe1 Nc6 8. c3 Re8 9. Na3 a6 10. e4 b5 11. Nc2 Bb7 12. Bd2 dxe4 13. dxe4 Na5 14. e5 Ne4 15. axb5 axb5 16. Qe2 Nb3 17. Rxa8 Qxa8 18. Be3 c4 19. Ncd4 Nxd4 20. Bxd4 Ng5 21. Nh4 Bxg2 22. Nxg2 Nf3+ 23. Kh1 Nxd4 24. cxd4 Rd8 25. Rd1 Qa2 26. Qd2 Bc5 27. Qc3 b4 28. Qc2 Rxd4 29. Rc1 c3 30. bxc3 Qxc2 31. Rxc2 Rd1+ 0-1